Detalles MARC
| 000 -CABECERA |
| campo de control de longitud fija |
04163nam a2200301 i 4500 |
| 001 - NÚMERO DE CONTROL |
| campo de control |
16298 |
| 003 - IDENTIFICADOR DEL NÚMERO DE CONTROL |
| campo de control |
DO-SdUEMH |
| 005 - FECHA Y HORA DE LA ÚLTIMA TRANSACCIÓN |
| campo de control |
20260130211335.0 |
| 007 - CAMPO FIJO DE DESCRIPCIÓN FÍSICA--INFORMACIÓN GENERAL |
| campo de control de longitud fija |
ta |
| 008 - DATOS DE LONGITUD FIJA--INFORMACIÓN GENERAL |
| campo de control de longitud fija |
211105s2002||||dr |||gr|||| 0|| | spa d |
| 040 ## - FUENTE DE LA CATALOGACIÓN |
| Centro catalogador/agencia de origen |
DO-SdUEMH |
| Lengua de catalogación |
spa |
| Normas de descripción |
rda |
| 041 ## - CÓDIGO DE LENGUA |
| Código de lengua del texto/banda sonora o título independiente |
spa |
| 082 14 - NÚMERO DE LA CLASIFICACIÓN DECIMAL DEWEY |
| Número de clasificación |
RD346.0178 A696A 2002 |
| Colección |
Colección Dominicana |
| Número de documento/Ítem |
A696 |
| 084 ## - OTRO NÚMERO DE CLASIFICACIÓN |
| Item number |
08-00176 |
| 100 #1 - ENTRADA PRINCIPAL--NOMBRE DE PERSONA |
| Nombre de persona |
ARIAS, LUIS |
| Término indicativo de función/relación |
autor |
| 245 #0 - MENCIÓN DE TÍTULO |
| Título |
La Adopción Nacional e Internacional de Menores y su Aplicación en el Sistema Jurídico Dominicano / |
| Mención de responsabilidad, etc. |
Arias Luis |
| 260 ## - PUBLICACIÓN, DISTRIBUCIÓN, ETC. |
| Date of publication, distribution, etc. |
2002 |
| 264 #1 - PRODUCCIÓN, PUBLICACIÓN, DISTRIBUCIÓN, FABRICACIÓN Y COPYRIGHT |
| Lugar de producción, publicación, distribución, fabricación |
Santo Domingo, República Dominicana : |
| Nombre del de productor, editor, distribuidor, fabricante |
Centenario, S. A., |
| Fecha de producción, publicación, distribución, fabricación o copyright |
2002 |
| 264 #4 - PRODUCCIÓN, PUBLICACIÓN, DISTRIBUCIÓN, FABRICACIÓN Y COPYRIGHT |
| Fecha de producción, publicación, distribución, fabricación o copyright |
©2002 |
| 300 ## - DESCRIPCIÓN FÍSICA |
| Extensión |
vi, 318 páginas : |
| Dimensiones |
23 cm. |
| 336 ## - TIPO DE CONTENIDO |
| Fuente |
rdacontent |
| Término de tipo de contenido |
texto |
| Código de tipo de contenido |
txt |
| 337 ## - TIPO DE MEDIO |
| Fuente |
rdamedia |
| Nombre del tipo de medio |
sin mediación |
| Código del tipo de medio |
n |
| 338 ## - TIPO DE SOPORTE |
| Fuente |
rdacarrier |
| Nombre del tipo de soporte |
volumen |
| Código del tipo de soporte |
nc |
| 504 ## - NOTA DE BIBLIOGRAFÍA, ETC. |
| Nota de bibliografía, etc. |
Contiene Información Bibliográfica a Final de la Obra. |
| 505 #2 - NOTA DE CONTENIDO CON FORMATO |
| Nota de contenido con formato |
primera parte la adopción: su dimensión nacional -- evolución de la adopción: antecedentes -- reglamentación de la adopción en la roma antigua -- la adrogación -- la adopción propiamente dicha -- evolución de la adopción tras la caída del imperio romano -- evolución de la adopción a partir del siglo xx -- la adopción en el régimen legislativo dominicano: evolución -- tipos o clases de adopción -- adopción testamentaria -- adopción plena o privilegiada -- adopción simple -- adopción internacional -- adopción remuneratoria -- adopción pública -- adopción de expósitos -- otras denominaciones afines -- adopción conjunta e individual -- el estado de abandono de un menor a la luz de la adopción -- noción de abandono en la legislación -- abandono físico o material y abandono moral -- concepto de la adopción -- naturaleza jurídica de la adopción -- la adopción vista como un contrato -- la adopción vista como un acto -- la adopción vista como una institución -- definiciones de la adopción en la doctrina y en la legislación -- segunda parte la adopción de menores: su dimensión nacional -- condiciones de la adopción -- condiciones de fondo de la adopción -- condiciones de edad -- edad del adoptante -- edad máxima del adoptante -- diferencia de edad entre adoptante y adoptado -- edad del adoptado -- circunstancias que eximen la observancia de las condiciones de edad -- condiciones de consentimiento -- consentimiento del adoptante -- consentimiento del adoptado o de los padres del adoptado -- consentimiento del adoptado menor a partir de determinada edad -- intervención de los parientes del adoptante o del adoptado en el acto de adopción -- obstáculos para la adopción -- presencia de descendientes del adoptante -- adopciones simultáneas o sucesivas por un mismo adoptante -- adopción por el tutor -- adopción acumulativa -- adopción del hijo extramatrimonial -- adopción de personas de sexos diferentes y de hermanos -- necesidad de que el adoptante haya cuidado del adoptado -- condiciones de forma de la adopción o procedimiento de la adopción -- el acto de adopción -- solicitud de adopción -- documentos que deben acompañar la solicitud de adopción -- intervención de la autoridad judicial -- momento a partir del cual comienza a producir efecto el decreto o sentencia de adopción -- formalidades posteriores a la decisión del tribunal -- efectos de la adopción -- efectos de aplicación común a todo tipo de adopción -- apellido y nombre del adoptado -- patria potestad -- efectos exclusivos de la adopción simple -- derechos deberes y parentesco resultantes de la adopción simple -- revocabilidad de la adopción simple -- efectos exclusivos de la adopción plena -- ruptura del vínculo consanguíneo -- filiación del adoptado plenamente -- derechos y obligaciones del adoptado por adopción plena -- irrevocabilidad de la adopción plena -- conversión de la adopción simple en plena -- derecho del adoptado a conocer su origen -- nulidad de la adopción -- adopción internacional de menores -- concepto y origen de la adopción internacional de menores -- eventos internacionales referentes a la adopción como antecedentes de la adopción internacional. |
| 942 ## - ELEMENTOS DE PUNTO DE ACCESO ADICIONAL (KOHA) |
| Fuente del sistema de clasificación o colocación |
Dewey Decimal Classification |
| Tipo de ítem Koha |
Libro |
| Suprimir en OPAC |
No |